000
00289nam a22001217a 4500
020
_a
0-8094-7598-7
082
_a
004.5 UND'T
100
_a
TIME LIFE
_9
57059
245
_a
UNDERSTANDING COMPUTERS MEMORY AND STORAGE
260
_a
VIRGINIA
_b
TIME LIFE
_c
1980
300
_a
128P
942
_c
BK
999
_c
567366
_d
567366